| 000 | 00786cam a22002417a 4500 | ||
|---|---|---|---|
| 999 |
_c6916 _d6916 |
||
| 003 | OSt | ||
| 005 | 20260515062531.0 | ||
| 008 | 160315s2016 sp |||| |||||0|| 0 spa|d | ||
| 020 | _a9788490970744 | ||
| 040 |
_bcat _cCDMR |
||
| 100 | 1 |
_aTascón, Mario _d1962- _93058 |
|
| 245 | 1 | 0 |
_aBig Data y el internet de las cosas _b: qué hay detrás y cómo nos va a cambiar _cMario Tascón y Arantza Coullaut |
| 260 |
_aMadrid _bCatarata _c2016 |
||
| 300 |
_a126 p. : _bil. ; _c21 cm |
||
| 504 | _aÍndex | ||
| 650 | 0 |
_aDades massives _xAspectes socials _94719 |
|
| 650 | 0 |
_aTecnologia de la informació _93508 _xAspectes socials |
|
| 650 | 0 |
_aBases de dades _xGestió _94276 |
|
| 650 | 0 |
_aInternet _93592 |
|
| 650 | 7 |
_aEstructura social _2lemac |
|
| 700 | 1 | _aCoullaut, Arantza | |
| 942 |
_cMON _2udc |
||